Ponolohiyang Filipino/ (Record no. 8425)

MARC details
000 -LEADER
fixed length control field 00567nam a22001817a 4500
003 - CONTROL NUMBER IDENTIFIER
control field OSt
005 - DATE AND TIME OF LATEST TRANSACTION
control field 20260218021504.0
008 - FIXED-LENGTH DATA ELEMENTS--GENERAL INFORMATION
fixed length control field 260218b |||||||| |||| 00| 0 eng d
040 ## - CATALOGING SOURCE
Original cataloging agency DWC-Main lib
Transcribing agency OC
082 ## - DEWEY DECIMAL CLASSIFICATION NUMBER
Classification number Fil. 499.211 P797 2020
100 ## - MAIN ENTRY--PERSONAL NAME
Personal name Victoria, Vasil A.
245 ## - TITLE STATEMENT
Title Ponolohiyang Filipino/
Statement of responsibility, etc. Victoria A. Vasil
260 ## - PUBLICATION, DISTRIBUTION, ETC.
Place of publication, distribution, etc. [no place of publication]:
Name of publisher, distributor, etc. no publisher],
Date of publication, distribution, etc. c2020.
300 ## - PHYSICAL DESCRIPTION
Extent 60 pages:
Other physical details illustrations;
Dimensions 27 cm.
501 ## - WITH NOTE
With note Includes bibliographical references.
650 ## - SUBJECT ADDED ENTRY--TOPICAL TERM
Topical term or geographic name entry element 1. Linguistics
942 ## - ADDED ENTRY ELEMENTS (KOHA)
Source of classification or shelving scheme Dewey Decimal Classification
Koha item type Book-Filipiniana
Call number prefix Fil.
Suppress in OPAC No

No items available.